| 000 | 00901nam a22002295i 4500 | ||
|---|---|---|---|
| 001 | 166694 | ||
| 003 | ES-MaACL | ||
| 005 | 20250806063135.0 | ||
| 008 | 030327s1864 sp |||| | spa d | ||
| 080 | _a324(460)"18" | ||
| 100 | 1 |
_aTubino, Francisco María, _d1833-1888 _9111620 |
|
| 245 | 1 | 0 |
_aEsto matará a aquello / _cpor D. Francisco M. Tubino. |
| 260 |
_aSevilla : _bLa Andalucía, _c1864. |
||
| 300 |
_a81 p. ; _c22 cm. |
||
| 490 | 1 |
_aEstudios políticos contemporáneos ; _v1 |
|
| 530 | _aDisponible en formato digital. | ||
| 650 | 4 |
_aElecciones- _zEspaña- _yS.XIX. _9149102 |
|
| 830 | 1 |
_aEstudios políticos contemporáneos ; _v1 _9222568 |
|
| 852 | 4 |
_aES-MaACL _jT-89-F-6 _z- Enc. hol., falto de cub. original _z- Enc. en un vol. facticio |
|
| 856 | 4 |
_uhttp://bdh-rd.bne.es/viewer.vm?id=0000047477&page=1 _zBiblioteca Digital Hispánica |
|
| 999 |
_c166694 _d166694 |
||